Estatísticas para Zlatan Ibrahimovic

Clique aqui para jogar o quiz

Estatísticas Gerais

  • Esse quiz foi jogado 87 vezes
  • A pontuação média é 10 de 11

Estatísticas das Respostas

AnosClubes% Correto
2011-2012Milan
100%
2020-2023Milan
100%
2009-2011Barcelona
99%
(Seleção)2001-2023Suécia
99%
2012-2016PSG
96%
2006-2009Inter de Milão
93%
2018-2019Los Angeles Galaxy
91%
2004-2006Juventus
89%
2016-2018Manchester United
89%
2001-2004Ajax
84%
1999-2001Malmö
77%

Distribuição das Pontuações

Percentil de Números Respondidos

Porcentagem de Pessoas com Cada Pontuação

Sua Pontuação Histórica

Você não jogou esse quiz